España y Portugal [ (Record no. 64398)
[ view plain ]
| 000 -LEADER | |
|---|---|
| campo de control de longitud fija | 00929nem a2200241 i 4500 |
| 001 - NÚMERO DE CONTROL | |
| campo de control | 64398 |
| 003 - IDENTIFICADOR DE NÚMERO DE CONTROL | |
| campo de control | ES-MaACL |
| 005 - FECHA Y HORA DE LA ÚLTIMA TRANSACCIÓN | |
| campo de control | 20230906165123.0 |
| 007 - CAMPO FIJO DE DESCRIPCIÓN FÍSICA--INFORMACIÓN GENERAL | |
| campo de control de longitud fija | t| |
| 008 - DATOS DE LONGITUD FIJA--INFORMACIÓN GENERAL | |
| campo de control de longitud fija | 031224s1959 sp | |0|1||spa d |
| 130 0# - ENTRADA PRINCIPAL--TÍTULO UNIFORME | |
| Título uniforme | España. E. |
| Subencabezamiento de forma | Carreteras. |
| Fecha de publicación/de la obra | 1959. |
| 9 (RLIN) | 160813 |
| 245 10 - MENCIÓN DEL TÍTULO | |
| Título | España y Portugal [ |
| Medio | Material cartográfico] / |
| Mención de responsabilidad, etc. | [una producción Foldex]. |
| 255 ## - DATOS MATEMÁTICOS CARTOGRÁFICOS | |
| Mención de escala | Escala 1:600.000. |
| 260 ## - PUBLICACIÓN, DISTRIBUCIÓN, ETC. | |
| Lugar de publicación, distribución, etc. | Madrid : |
| Nombre del editor, distribuidor, etc. | Almax, |
| Fecha de publicación, distribución, etc. | [1959] |
| 300 ## - DESCRIPCIÓN FÍSICA | |
| Extensión | 1 mapa : |
| Otras características físicas | col. ; |
| Dimensiones | en h. de 50 x 96 cm, pleg. en 28 x 13 cm. |
| 490 1# - MENCIÓN DE SERIE | |
| Mención de serie | Mapa de carreteras y turístico de España y Portugal ; |
| Designación de volumen o secuencia | 3 |
| 592 ## - | |
| -- | Relieve representado por sombreado. - Hidrografía. - Carreteras. |
| 594 ## - Nota al título y mención de responsabilidad | |
| Nota al título y mención de responsabilidad | Título de la cubierta: Mapa de carreteras y turístico de España y Portugal. |
| 710 2# - ENTRADA AGREGADA--NOMBRE DE ENTIDAD CORPORATIVA | |
| Nombre de entidad corporativa o nombre de jurisdicción como elemento de entrada | Foldex. |
| 9 (RLIN) | 160814 |
| 830 0# - PUNTO DE ACCESO ADICIONAL DE SERIE-TÍTULO UNIFORME | |
| Título uniforme | Mapa de carreteras y turístico de España y Portugal ; |
| Designación de volumen o secuencia | 3 |
| 9 (RLIN) | 230713 |
| 852 ## - LOCALIZACIÓN | |
| Ubicación | ES-MaACL |
| Número de control de estantería | E-4456 |
| Estatus retirado | Estado de pérdida | Estado de daño | No para préstamo | Biblioteca de origen | Biblioteca actual | Ubicación en estantería | Fecha de adquisición | Fuente de adquisición | Total de préstamos | Signatura topográfica completa | Código de barras | Visto por última vez | Precio de reemplazo | Tipo de ítem Koha |
|---|---|---|---|---|---|---|---|---|---|---|---|---|---|---|
| Biblioteca del Ateneo de Madrid | Biblioteca del Ateneo de Madrid | Depósito 2 | 17/01/2008 | E-4456 | 1067482 | 23/02/2023 | 23/02/2023 | Mapa |
